[Event "FRA-chT Top 12"]
[Site "Chalons en Champagne"]
[Date "2021.07.03"]
[Round "10.6"]
[White "Daulyte Cornette, Deimante"]
[Black "Boukhris, Yacine"]
[Result "1-0"]
[WhiteElo "2394"]
[BlackElo "2185"]
[PlyCount "79"]
[EventDate "2021.06.24"]
[EventType "team-tourn"]
[EventRounds "11"]
[EventCountry "FRA"]
[SourceTitle "CBM 203 Extra"]
[Source "ChessBase"]
[SourceDate "2021.09.30"]
[SourceVersion "1"]
[SourceVersionDate "2021.09.30"]
[SourceQuality "1"]
[WhiteTeam "Chartres"]
[BlackTeam "Agenais Echiquier"]
[WhiteTeamCountry "FRA"]
[BlackTeamCountry "FRA"]

1. e4 Nf6 2. Nc3 d5 3. e5 Ne4 4. Nce2 f6 5. d3 Ng5 6. f4 Nf7 7. d4 c5 8. c3 Nc6 9. Be3 cxd4 10. cxd4 e6 11. Nf3 Bb4+ 12. Nc3 0-0 13. Be2 Bd7 14. 0-0 Rc8 15. Rc1 Ba5 16. Na4 Bb6 17. Nxb6 Qxb6 18. Qd2 Ne7 19. Bf2 f5 20. Rc5 Nh6 21. Rfc1 Nc6 22. a3 a6 23. b4 Qa7 24. Bh4 b6 25. R5c2 Qb7 26. Qd3 Nb8 27. Ng5 Nf7 28. Nxf7 Kxf7 29. Qg3 Rxc2 30. Rxc2 Rc8 31. Bh5+ g6 32. Qg5 gxh5 33. Qe7+ Kg8 34. Bf6 Bc6 35. Qxe6+ Kf8 36. Qxf5 Bd7 37. Qxh7 Bc6 38. Qh6+ Ke8 39. f5 Nd7 40. Qg6+ 1-0

[Event "Barcelona IM2 03"]
[Site "Barcelona"]
[Date "2021.03.20"]
[Round "6"]
[White "Boukhris, Yacine"]
[Black "Martin Barcelo, Carles"]
[Result "0-1"]
[WhiteElo "2155"]
[BlackElo "2258"]
[PlyCount "85"]
[EventDate "2021.03.15"]
[EventType "tourn"]
[EventRounds "9"]
[EventCountry "ESP"]
[EventCategory "2"]
[SourceTitle "CBM 201 Extra"]
[Source "ChessBase"]
[SourceDate "2021.05.31"]
[SourceVersion "1"]
[SourceVersionDate "2021.05.31"]
[SourceQuality "1"]

1. e4 e6 2. d4 d5 3. Nc3 Nf6 4. Bg5 dxe4 5. Nxe4 Nbd7 6. Nf3 h6 7. Nxf6+ Nxf6 8. Be3 Bd6 9. g3 b6 10. Bg2 Bb7 11. 0-0 0-0 12. c4 Qe7 13. Re1 Rfe8 14. h3 c5 15. d5 Qc7 16. Nh4 Rad8 17. Qf3 Nh7 18. Qh5 Nf6 19. Qf3 Kh7 20. g4 exd5 21. Qf5+ Kg8 22. Bxh6 Nh7 23. Bg5 Nxg5 24. Qxg5 Be7 25. Qh5 Bxh4 26. Qxh4 dxc4 27. g5 Bxg2 28. g6 fxg6 29. Qxc4+ Bd5 30. Rxe8+ Kf7 31. Qd3 Kxe8 32. Re1+ Kf7 33. f4 c4 34. Qd2 Kg8 35. Re5 Bb7 36. Qe2 Qc6 37. Qg4 Qh1+ 38. Kf2 Rd2+ 39. Re2 Qh2+ 40. Ke1 Qxe2+ 41. Qxe2 Rxe2+ 42. Kxe2 Kf7 43. Ke1 0-1

[Event "Barcelona IM2 03"]
[Site "Barcelona"]
[Date "2021.03.17"]
[Round "3"]
[White "Jimenez Ruano, Adrian"]
[Black "Boukhris, Yacine"]
[Result "0-1"]
[WhiteElo "2326"]
[BlackElo "2155"]
[PlyCount "100"]
[EventDate "2021.03.15"]
[EventType "tourn"]
[EventRounds "9"]
[EventCountry "ESP"]
[EventCategory "2"]
[SourceTitle "CBM 201 Extra"]
[Source "ChessBase"]
[SourceDate "2021.05.31"]
[SourceVersion "1"]
[SourceVersionDate "2021.05.31"]
[SourceQuality "1"]

1. d4 Nf6 2. c4 g6 3. Nc3 Bg7 4. e4 d6 5. Nf3 0-0 6. h3 e5 7. d5 Nh5 8. g3 Na6 9. Be2 f5 10. exf5 gxf5 11. Ng5 Nf6 12. g4 h6 13. Ne6 Bxe6 14. dxe6 Ne4 15. Nxe4 fxe4 16. Qd5 c6 17. Qxe4 Nc5 18. Qg6 Qe8 19. Qxe8 Raxe8 20. Be3 Nxe6 21. 0-0-0 Nd4 22. Bf1 c5 23. Bg2 Rb8 24. Bd5+ Kh8 25. h4 b5 26. h5 bxc4 27. Bxc4 e4 28. b3 a5 29. Rhe1 a4 30. Bxd4 Bxd4 31. Rxe4 Rxf2 32. Rd2 Rf3 33. Rde2 Be5 34. bxa4 Rc3+ 35. Rc2 Rg3 36. Bb5 Rf8 37. Rce2 Rc3+ 38. Kd1 Rf1+ 39. Re1 Rf2 40. R4e2 Rf4 41. Re4 Rf2 42. R4e2 Rf4 43. Rd2 Rb4 44. Ke2 Re4+ 45. Kd1 Rb4 46. Rf1 Bf4 47. Rd5 Rb1+ 48. Ke2 Rb2+ 49. Ke1 Rc1+ 50. Rd1 Bg3+ 0-1

[Event "Bratto op 36th"]
[Site "Bratto"]
[Date "2016.08.20"]
[Round "1"]
[White "Inkiov, Ventzislav"]
[Black "Boukhris, Yacine"]
[Result "0-1"]
[WhiteElo "2465"]
[BlackElo "2119"]
[PlyCount "100"]
[EventDate "2016.08.20"]
[EventType "swiss"]
[EventRounds "9"]
[EventCountry "ITA"]
[SourceTitle "CBM 174 Extra"]
[Source "ChessBase"]
[SourceDate "2016.10.10"]
[SourceVersion "1"]
[SourceVersionDate "2016.10.10"]
[SourceQuality "1"]

1. d4 Nf6 2. c4 g6 3. Nc3 Bg7 4. Nf3 0-0 5. Bg5 c5 6. e3 Qa5 7. Qd2 d6 8. Be2 Bg4 9. Bxf6 exf6 10. Nd5 Nc6 11. Ne7+ Kh8 12. Nxc6 Qxd2+ 13. Nxd2 Bxe2 14. Kxe2 bxc6 15. dxc5 dxc5 16. Nb3 Rab8 17. Rab1 Rb4 18. Nxc5 Rxc4 19. Rhc1 Rh4 20. h3 f5 21. f4 Re8 22. Kf3 g5 23. fxg5 h6 24. gxh6 Bxh6 25. Rc3 Bg7 26. Rd3 Rc4 27. Nb3 Rce4 28. Nd2 Ra4 29. a3 c5 30. b3 Rxa3 31. Nc4 Ra6 32. Rbd1 Kh7 33. Rd5 f4 34. exf4 Bd4 35. Rd3 Ra2 36. Nd2 Re1 37. b4 Rd1 38. bxc5 Raxd2 39. Rxd2 Rxd2 40. c6 Rf2+ 41. Ke4 Bb6 42. Rd7 Kg7 43. g4 Rc2 44. h4 Rxc6 45. h5 a5 46. g5 Rc7 47. h6+ Kh7 48. Rd6 Bc5 49. Ra6 Ra7 50. Rc6 Be7 0-1

[Event "Politiken Cup 37th"]
[Site "Helsingor"]
[Date "2015.08.02"]
[Round "10"]
[White "Adan Bermudez, Sergio"]
[Black "Boukhris, Yacine"]
[Result "0-1"]
[WhiteElo "2402"]
[BlackElo "2163"]
[PlyCount "70"]
[EventDate "2015.07.25"]
[EventType "swiss"]
[EventRounds "10"]
[EventCountry "DEN"]
[SourceTitle "CBM 167 Extra"]
[Source "ChessBase"]
[SourceDate "2015.09.14"]
[SourceVersion "1"]
[SourceVersionDate "2015.09.14"]
[SourceQuality "1"]

1. Nf3 Nf6 2. g3 g6 3. Bg2 Bg7 4. 0-0 0-0 5. c4 d6 6. Nc3 e5 7. d3 Nc6 8. Rb1 a5 9. a3 Nh5 10. b4 axb4 11. axb4 h6 12. e4 Be6 13. h3 Qd7 14. Kh2 Kh7 15. Nd5 Ne7 16. b5 Nc8 17. Nh4 c6 18. bxc6 bxc6 19. Be3 Qd8 20. Nb4 c5 21. Nd5 Bxd5 22. cxd5 Nf4 23. Bf3 Ra3 24. Rb3 Rxb3 25. Qxb3 Qf6 26. Bd1 h5 27. Nf3 g5 28. gxf4 exf4 29. Bd2 g4 30. Ne1 Qh4 31. Bxf4 Qxh3+ 32. Kg1 Bd4 33. Be3 Be5 34. f4 Qxe3+ 35. Kh1 Qh3+ 0-1

[Event "Politiken Cup 37th"]
[Site "Helsingor"]
[Date "2015.07.30"]
[Round "7"]
[White "Boukhris, Yacine"]
[Black "Nielsen, Andre"]
[Result "1/2-1/2"]
[WhiteElo "2163"]
[BlackElo "1963"]
[PlyCount "37"]
[EventDate "2015.07.25"]
[EventType "swiss"]
[EventRounds "10"]
[EventCountry "DEN"]
[SourceTitle "CBM 167 Extra"]
[Source "ChessBase"]
[SourceDate "2015.09.14"]
[SourceVersion "1"]
[SourceVersionDate "2015.09.14"]
[SourceQuality "1"]

1. e4 c5 2. Nf3 d6 3. g3 Nf6 4. d3 Nc6 5. Bg2 e6 6. 0-0 Be7 7. c3 0-0 8. Re1 Qc7 9. Nbd2 b5 10. a4 b4 11. Nc4 Ba6 12. Ne3 Rfd8 13. c4 Nd7 14. h4 Nde5 15. Nh2 Nd4 16. f4 Nec6 17. Nf3 Rab8 18. Rf1 b3 19. f5 1/2-1/2

[Event "Politiken Cup 37th"]
[Site "Helsingor"]
[Date "2015.07.29"]
[Round "6"]
[White "Roksvold, Jan"]
[Black "Boukhris, Yacine"]
[Result "0-1"]
[WhiteElo "1927"]
[BlackElo "2163"]
[PlyCount "108"]
[EventDate "2015.07.25"]
[EventType "swiss"]
[EventRounds "10"]
[EventCountry "DEN"]
[SourceTitle "CBM 167 Extra"]
[Source "ChessBase"]
[SourceDate "2015.09.14"]
[SourceVersion "1"]
[SourceVersionDate "2015.09.14"]
[SourceQuality "1"]

1. Nf3 Nf6 2. c4 g6 3. Nc3 Bg7 4. e4 d6 5. d4 0-0 6. Be2 e5 7. dxe5 dxe5 8. Qxd8 Rxd8 9. Bg5 Re8 10. Nd5 Nxd5 11. cxd5 c6 12. Bc4 cxd5 13. Bxd5 Na6 14. Rc1 Nb4 15. Bc4 Be6 16. Ke2 Nxa2 17. Bxa2 Bxa2 18. Rc7 b5 19. Nd2 Be6 20. Ra1 a5 21. Rb7 Bc8 22. Rc7 a4 23. Be7 Be6 24. f3 Rac8 25. Rxc8 Rxc8 26. Kd3 f6 27. Ra3 Kf7 28. Bb4 Rd8+ 29. Kc2 Bh6 30. Rd3 Rc8+ 31. Rc3 Rxc3+ 32. Kxc3 Be3 33. Ba3 Ke8 34. Nb1 Bc4 35. Nd2 Be6 36. Nb1 Kd7 37. Kb4 Kc6 38. Nc3 Bc4 39. Nd5 Bd2+ 40. Nc3 Be3 41. Nxa4 Bf1 42. Nc3 Bxg2 43. Nxb5 Bxf3 44. Nc3 Bd2 45. Kc4 Bxc3 46. bxc3 Bxe4 47. Be7 f5 48. Bf6 Kd6 49. Kb5 f4 50. Bg5 Kd5 51. Kb4 Bd3 52. Kb3 Ke4 53. c4 f3 54. Be3 Kxe3 0-1

[Event "Politiken Cup 37th"]
[Site "Helsingor"]
[Date "2015.07.26"]
[Round "3"]
[White "Boukhris, Yacine"]
[Black "Kunin, Vitaly L"]
[Result "0-1"]
[WhiteElo "2163"]
[BlackElo "2576"]
[PlyCount "126"]
[EventDate "2015.07.25"]
[EventType "swiss"]
[EventRounds "10"]
[EventCountry "DEN"]
[SourceTitle "CBM 167 Extra"]
[Source "ChessBase"]
[SourceDate "2015.09.14"]
[SourceVersion "1"]
[SourceVersionDate "2015.09.14"]
[SourceQuality "1"]

1. e4 d6 2. d4 Nf6 3. Nc3 Nbd7 4. Nf3 e5 5. Bc4 Be7 6. a4 0-0 7. 0-0 c6 8. Re1 exd4 9. Qxd4 Ne5 10. Nxe5 dxe5 11. Qxd8 Rxd8 12. f3 Bc5+ 13. Be3 Bxe3+ 14. Rxe3 Kf8 15. a5 Ke7 16. Bb3 Be6 17. Na4 Nd7 18. Bxe6 Kxe6 19. Rc3 Ke7 20. b4 f6 21. Kf2 b5 22. Nc5 Nxc5 23. Rxc5 Rd2+ 24. Ke3 Rxg2 25. Rxc6 Rd8 26. Rc7+ Rd7 27. Rxd7+ Kxd7 28. Rd1+ Kc6 29. Rd2 Rg1 30. c3 Rc1 31. Kd3 g6 32. Rc2 Rb1 33. Kd2 f5 34. Rc1 Rb2+ 35. Rc2 Rb3 36. Rc1 Ra3 37. Rc2 a6 38. Kc1 Ra1+ 39. Kd2 Rg1 40. Kd3 f4 41. Ke2 Rh1 42. Kd3 Re1 43. Rd2 Re3+ 44. Kc2 Rxf3 45. Rd5 Rf2+ 46. Kd3 Rxh2 47. Rxe5 Kd6 48. Re8 g5 49. e5+ Kd5 50. e6 Rh3+ 51. Kd2 Rh2+ 52. Kd3 h6 53. Ra8 Kxe6 54. Rxa6+ Kf5 55. Rb6 f3 56. a6 Ra2 57. Rxh6 f2 58. Rh1 Kf4 59. c4 bxc4+ 60. Kxc4 Rxa6 61. b5 Re6 62. Rf1 Kf3 63. b6 Rxb6 0-1

[Event "Politiken Cup 36th"]
[Site "Helsingor"]
[Date "2014.07.28"]
[Round "9"]
[White "Boukhris, Yacine"]
[Black "Henningsen, Lasse"]
[Result "1-0"]
[WhiteElo "2073"]
[BlackElo "1830"]
[PlyCount "96"]
[EventDate "2014.07.21"]
[EventType "swiss"]
[EventRounds "10"]
[EventCountry "DEN"]
[SourceTitle "CBM 161 Extra"]
[Source "ChessBase"]
[SourceDate "2014.08.29"]
[SourceVersion "1"]
[SourceVersionDate "2014.08.29"]
[SourceQuality "1"]

1. e4 e5 2. Bc4 Nf6 3. Nc3 Nxe4 4. Qh5 Nd6 5. Bb3 Be7 6. Nf3 Nc6 7. Nxe5 Nxe5 8. Qxe5 0-0 9. 0-0 c6 10. d4 Ne8 11. d5 d6 12. Qg3 c5 13. Re1 Nf6 14. Bg5 Bf5 15. Re2 a6 16. f4 Nh5 17. Qf3 Nf6 18. h3 h6 19. Bh4 b5 20. Rae1 Re8 21. Bxf6 gxf6 22. a3 Bd7 23. f5 Bf8 24. Rxe8 Bxe8 25. Ne4 c4 26. Ba2 Bg7 27. Qg4 Bd7 28. Kh1 Qe7 29. Re3 Kh8 30. Qf4 Re8 31. b3 cxb3 32. Bxb3 Qe5 33. Qxe5 Rxe5 34. g4 h5 35. Re2 Bh6 36. Nc3 Bc1 37. Rxe5 dxe5 38. a4 Bd2 39. Ne4 bxa4 40. Nxd2 axb3 41. cxb3 hxg4 42. hxg4 Kg8 43. Ne4 Kf8 44. Nxf6 Ke7 45. Nxd7 Kxd7 46. g5 Ke7 47. Kg2 Kd6 48. g6 fxg6 1-0

[Event "Politiken Cup 36th"]
[Site "Helsingor"]
[Date "2014.07.26"]
[Round "7"]
[White "Boukhris, Yacine"]
[Black "Rewitz, Poul"]
[Result "0-1"]
[WhiteElo "2073"]
[BlackElo "2218"]
[PlyCount "50"]
[EventDate "2014.07.21"]
[EventType "swiss"]
[EventRounds "10"]
[EventCountry "DEN"]
[SourceTitle "CBM 161 Extra"]
[Source "ChessBase"]
[SourceDate "2014.08.29"]
[SourceVersion "1"]
[SourceVersionDate "2014.08.29"]
[SourceQuality "1"]

1. e4 c6 2. d4 d5 3. Nd2 g6 4. h3 Bg7 5. Ngf3 Nh6 6. Bd3 0-0 7. 0-0 Na6 8. c3 Nc7 9. Re1 f6 10. exd5 cxd5 11. Qb3 Nf7 12. c4 e6 13. Nf1 Qd6 14. Bd2 a5 15. c5 Qc6 16. Qb6 e5 17. dxe5 fxe5 18. Bxa5 Rxa5 19. Qxa5 e4 20. Bc2 exf3 21. Ba4 Qf6 22. Ne3 fxg2 23. Qxc7 Ne5 24. Re2 Bxh3 25. Nxg2 Qf3 0-1

[Event "Politiken Cup 36th"]
[Site "Helsingor"]
[Date "2014.07.22"]
[Round "2"]
[White "Buchal, Stephan"]
[Black "Boukhris, Yacine"]
[Result "1-0"]
[WhiteElo "2295"]
[BlackElo "2073"]
[PlyCount "99"]
[EventDate "2014.07.21"]
[EventType "swiss"]
[EventRounds "10"]
[EventCountry "DEN"]
[SourceTitle "CBM 161 Extra"]
[Source "ChessBase"]
[SourceDate "2014.08.29"]
[SourceVersion "1"]
[SourceVersionDate "2014.08.29"]
[SourceQuality "1"]

1. c4 Nf6 2. g3 g6 3. Bg2 Bg7 4. Nc3 0-0 5. e4 d6 6. Nge2 e5 7. 0-0 Nc6 8. d3 Nh5 9. Be3 f5 10. Qd2 Be6 11. exf5 Bxf5 12. h3 Be6 13. g4 Nf4 14. Nxf4 exf4 15. Bxf4 Nd4 16. Bg5 Qd7 17. f4 h6 18. Bh4 h5 19. Rae1 Rae8 20. Be4 Bxg4 21. hxg4 Qxg4+ 22. Qg2 Qxh4 23. Qxg6 Nf3+ 24. Rxf3 Qxe1+ 25. Kg2 Rxe4 26. Nxe4 Qe2+ 27. Rf2 Qg4+ 28. Qxg4 hxg4 29. Kg3 Bd4 30. Re2 Rf5 31. Kxg4 Ra5 32. b3 b5 33. Ng5 bxc4 34. dxc4 Bf6 35. Ne4 Bd4 36. Ng5 Bf6 37. Ne4 Bd4 38. Rd2 Be3 39. Rd3 Bc1 40. a4 Kf7 41. Rd5 Ra6 42. Rh5 Kg7 43. Ng5 Rb6 44. Rh7+ Kg8 45. Rxc7 Rxb3 46. Ne4 Rd3 47. Rxa7 Rd4 48. Kf5 Rxc4 49. Nf6+ Kf8 50. Ke6 1-0

[Event "Politiken Cup 35th"]
[Site "Helsingor"]
[Date "2013.07.28"]
[Round "2"]
[White "Tryggestad, Andreas Garberg"]
[Black "Boukhris, Yacine"]
[Result "1/2-1/2"]
[WhiteElo "1774"]
[BlackElo "2058"]
[PlyCount "40"]
[EventDate "2013.07.27"]
[EventType "swiss"]
[EventRounds "10"]
[EventCountry "DEN"]
[SourceTitle "CBM 155 Extra"]
[Source "ChessBase"]
[SourceDate "2013.08.26"]
[SourceVersion "1"]
[SourceVersionDate "2013.08.26"]
[SourceQuality "1"]

1. e4 Nf6 2. e5 Nd5 3. c4 Nb6 4. c5 Nd5 5. Nc3 e6 6. Nxd5 exd5 7. d4 d6 8. cxd6 cxd6 9. Nf3 Nc6 10. Be2 Be7 11. 0-0 0-0 12. Bf4 Bg4 13. h3 Bh5 14. Qd3 Rc8 15. Rac1 Qd7 16. Rfd1 Rfd8 17. Qb3 Qf5 18. Bg3 Bxf3 19. Bxf3 Nxd4 20. Qxd5 Rxc1 1/2-1/2

[Event "Condom op-A 11th"]
[Site "Condom"]
[Date "2012.07.17"]
[Round "5"]
[White "Bressac, Stephane"]
[Black "Boukhris, Yacine"]
[Result "1-0"]
[WhiteElo "2320"]
[BlackElo "2057"]
[PlyCount "99"]
[EventDate "2012.07.14"]
[EventType "swiss"]
[EventRounds "9"]
[EventCountry "FRA"]
[SourceTitle "EXT 2013"]
[Source "ChessBase"]
[SourceDate "2012.11.22"]
[SourceVersion "1"]
[SourceVersionDate "2012.11.22"]
[SourceQuality "1"]

1. e4 Nf6 2. e5 Nd5 3. d4 d6 4. c4 Nb6 5. exd6 cxd6 6. Nc3 g6 7. Be3 Bg7 8. Rc1 0-0 9. b3 f5 10. g3 Nc6 11. Bg2 e5 12. dxe5 dxe5 13. Qxd8 Rxd8 14. Nd5 Nxd5 15. Bxd5+ Kh8 16. Bg5 Re8 17. Ne2 Nb4 18. 0-0 Nxd5 19. cxd5 b6 20. Rc7 h6 21. Be7 Ba6 22. Re1 Rec8 23. d6 Rxc7 24. dxc7 Kg8 25. Nc3 Kf7 26. Bd8 Bf6 27. Rd1 e4 28. Bxf6 Kxf6 29. Rd8 Rc8 30. Nb5 Ke7 31. Rxc8 Bxc8 32. Nxa7 Kd7 33. Nxc8 Kxc8 34. f3 exf3 35. Kf2 Kxc7 36. Kxf3 Kc6 37. Kf4 Kd5 38. Ke3 Kc5 39. a3 Kd5 40. Kd3 Kc5 41. Kc3 g5 42. a4 f4 43. gxf4 gxf4 44. b4+ Kd5 45. Kd3 f3 46. Ke3 Kc4 47. a5 f2 48. Kxf2 bxa5 49. bxa5 Kb5 50. Kg3 1-0

[Event "Ouest Toulousain op-A 6th"]
[Site "Fontenilles"]
[Date "2011.03.08"]
[Round "3"]
[White "Boukhris, Yacine"]
[Black "Benmesbah, Natacha"]
[Result "1-0"]
[WhiteElo "2040"]
[BlackElo "2204"]
[PlyCount "91"]
[EventDate "2011.03.07"]
[EventType "swiss"]
[EventRounds "9"]
[EventCountry "FRA"]
[SourceTitle "CBM 141 Extra"]
[Source "ChessBase"]
[SourceDate "2011.05.03"]
[SourceVersion "1"]
[SourceVersionDate "2011.05.03"]
[SourceQuality "1"]

1. e4 c5 2. Nc3 Nc6 3. g3 g6 4. Bg2 Bg7 5. d3 Rb8 6. Nge2 b5 7. a3 d6 8. 0-0 Bd7 9. f4 a5 10. a4 b4 11. Nb5 Nd4 12. Nbxd4 cxd4 13. f5 Qc7 14. b3 Rc8 15. Ra2 Qc5 16. g4 d5 17. Ng3 Bc6 18. fxg6 hxg6 19. Qf3 f6 20. exd5 Bd7 21. Qe4 Kf7 22. Ne2 Nh6 23. Nf4 Nxg4 24. Ne6 Qb6 25. Qxg4 Bxe6 26. Qxe6+ Qxe6 27. dxe6+ Kxe6 28. Bb7 Rc5 29. Ba6 Rch5 30. Rf2 f5 31. Bf4 g5 32. Bc7 g4 33. Re2+ Kd7 34. Bxa5 e5 35. Bxb4 g3 36. c4 Bh6 37. Bb5+ Ke6 38. Bd2 f4 39. Bc6 gxh2+ 40. Rxh2 Rg8+ 41. Kh1 Rxh2+ 42. Kxh2 Rg3 43. a5 Kf5 44. a6 Kg4 45. Bd7+ Kf3 46. Be1 1-0

[Event "Rennes op 3th"]
[Site "Rennes"]
[Date "2010.07.19"]
[Round "4"]
[White "Adrian, Claude"]
[Black "Boukhris, Yacine"]
[Result "1/2-1/2"]
[WhiteElo "2292"]
[BlackElo "1975"]
[PlyCount "45"]
[EventDate "2010.07.17"]
[EventType "swiss"]
[EventRounds "9"]
[EventCountry "FRA"]
[SourceTitle "EXT 2011"]
[Source "ChessBase"]
[SourceDate "2010.11.26"]
[SourceVersion "1"]
[SourceVersionDate "2010.11.26"]
[SourceQuality "1"]

1. c4 Nf6 2. Nc3 g6 3. g3 Bg7 4. Bg2 0-0 5. d4 d6 6. Nf3 Nbd7 7. 0-0 e5 8. e4 a6 9. Qc2 Rb8 10. Rd1 exd4 11. Nxd4 Ne5 12. c5 Nc6 13. Nxc6 bxc6 14. e5 Nd5 15. Nxd5 cxd5 16. exd6 c6 17. Qa4 Rb5 18. Be3 Bxb2 19. Rab1 Bf5 20. Rxb2 Rxb2 21. Qxa6 Qa8 22. Qxa8 Rxa8 23. h3 1/2-1/2